Word Ladder: Jim Carrey Quiz Stats

 Plays Quiz Updated Jun 14, 2012

Support Sporcle.
Go Orange.
Score 0/19 Timer 02:00
0 Plays Today
Hint Word % Correct
★ Jim Carrey Movie: ____ & Dumber ★DUMB
99.7%
Notre ______DAME
98.4%
Coin worth 10 centsDIME
97.5%
Slightly wetDAMP
96.3%
★ Jim Carrey Movie: Fun With ____ and Jane ★DICK
96%
Cubes for YahtzeeDICE
95.4%
Boat's parking lotDOCK
94.3%
Grill, boil, roast, e.g.COOK
92%
Wine bottle closerCORK
91.8%
★ Jim Carrey Movie: Man on the ____MOON
90.7%
Hint Word % Correct
Chicken housingCOOP
90.3%
★ Jim Carrey Movie: The Truman ____SHOW
89.9%
To drop or let fallDUMP
89.2%
Small glass of liquorSHOT
88.9%
In the near futureSOON
88%
Dull, stupid personDORK
86.9%
To cut into piecesCHOP
85.5%
Dirty black powderSOOT
84.6%
Food, in generalCHOW
79.9%

Today's Daily Dose

You're not logged in!

Compare scores with friends on all Sporcle quizzes.
OR
Log In

From the Vault

Images That Start with 'R'

by sproutcm

'R' you ready to Sporcle?
Remove Ads.
Support Sporcle.
Get the best of Sporcle when you Go Orange. This ad-free experience offers more features, more stats, and more fun while also helping to support Sporcle. Thank you for becoming a member.

Show Comments

Extras

Top Quizzes Today


Score Distribution

Your Account Isn't Verified!

In order to create a playlist on Sporcle, you need to verify the email address you used during registration. Go to your Sporcle Settings to finish the process.

Report this User

Report this user for behavior that violates our Community Guidelines.

Details: